Kraje z najwyższym spożyciem narkotyków - Statystyki

Ogólne statystyki
  • Ten quiz został rozwiązany 78 razy
  • Średni wynik to 5 z 16
Statystyki odpowiedzi
# Panśtwo % Poprawnych
1 Stany Zjednoczone
99%
2 Kanada
82%
5 Wielka Brytania
62%
7 Hiszpania
61%
3 Australia
48%
4 Nowa Zelandia
34%
11 irlandia
30%
9 Jamajka
30%
13 Chile
25%
12 Dominika
18%
16 Szwajcaria
17%
8 Islandia
13%
15 Belize
8%
14 Grenada
8%
10 Saint Lucia
7%
6 Estonia
4%
Nie znaleziono quizów pasujących do podanych kryteriów
Rozkład punktacji
Procent ludzi z każdym wynikiem
Percentyl według liczby udzielonych odpowiedzi
Twoja historia wyników
Nie rozwiązałeś tego quizu